Central Library OPAC University of Rajshahi

গুরুদেব রবীন্দ্রনাথ ও আধুনিক ভারতীয় নৃত্য / (Record no. 39872)

MARC details
000 -LEADER
fixed length control field 00990nam a2200229 a 4500
001 - CONTROL NUMBER
control field 39872
003 - CONTROL NUMBER IDENTIFIER
rucl marc code BD-RjUL
005 - DATE AND TIME OF LATEST TRANSACTION
control field 20211209053058.0
008 - FIXED-LENGTH DATA ELEMENTS--GENERAL INFORMATION
fixed length control field 160419t19891983ii ||||| |||| 00| 0 ben d
020 ## - INTERNATIONAL STANDARD BOOK NUMBER
Terms of availability : Tk. 30.00
035 ## - SYSTEM CONTROL NUMBER
System control number (BD-RjUL) 39986
040 ## - CATALOGING SOURCE
Original cataloging agency BD-RjUL
Language of cataloging ben
Transcribing agency BD-RjUL
041 ## - LANGUAGE CODE
Language code of text/sound track or separate title ben
082 ## - DEWEY DECIMAL CLASSIFICATION NUMBER
Edition number 23
Classification number 891.44109
Author mark and year GHG 1989
100 ## - MAIN ENTRY--PERSONAL NAME
Personal name ঘোষ, শান্তিদেব
9 (RLIN) 122835
245 10 - TITLE STATEMENT
Title গুরুদেব রবীন্দ্রনাথ ও আধুনিক ভারতীয় নৃত্য /
Statement of responsibility, etc. শান্তিদেব ঘোষ
260 ## - PUBLICATION, DISTRIBUTION, ETC. (IMPRINT)
Place of publication, distribution, etc. কলকাতা :
Name of publisher, distributor, etc. আনন্দ পাবলিশার্স লিমিটেড,
Date of publication, distribution, etc. ১৯৮৩ [মুদ্রণ ১৯৮৯]
300 ## - PHYSICAL DESCRIPTION
Pagination [১২], ২৪৬ পৃ. ;
Size ২১ সেমি.
650 ## - SUBJECT ADDED ENTRY--TOPICAL TERM
Topical term or geographic name as entry element বাংলা কবিতা
General subdivision ইতিহাস ও সমালোচনা
9 (RLIN) 118060
Topical term or geographic name as entry element Bengali Poetry
General subdivision History and Criticism
9 (RLIN) 117020
942 ## - ADDED ENTRY ELEMENTS (KOHA)
Source of classification or shelving scheme Dewey Decimal Classification
Koha item type Books
Holdings
Lost status Source of classification or shelving scheme Damaged status Not for loan Collection code Permanent Location Current Location Shelving location Date acquired Source of acquisition Cost, normal purchase price Total Checkouts Full call number Date last seen Copy number Koha item type
  Dewey Decimal Classification   Not For Loan Non-fiction Central Library, University of Rajshahi Central Library, University of Rajshahi Reading Room 02/01/1996 Angkur Prokashan, Dhaka 30.00   B 891.44109 GHG 1989 19/04/2016 C-1 Books
  Dewey Decimal Classification     Non-fiction Central Library, University of Rajshahi Central Library, University of Rajshahi   02/01/1996 Angkur Prokashan, Dhaka 30.00   B 891.44109 GHG 1989 16/08/2016 C-3 Books